000 00444nam a2200181Ia 4500
001 9133
005 20260306160701.0
008 260306t2016||||xx |||||||||||||| ||spa||
041 _aESP
082 _a372.86
_bF98
100 _aFusté Aquilué, Susanna
_eAUT
245 0 _aPsicomotricidad y vida cotidiana (0-3 años)
260 _c2016
300 _a127 páginas :
_c24 cm.
650 _aGEN
654 _aCED
942 _cLIB
_dJUS
_fJUS
_2ddc
_n
999 _c9133
_d9133